| 000 | 00772nam a22002777a 4500 | ||
|---|---|---|---|
| 001 | BR0501066 | ||
| 003 | BR-BrBNA | ||
| 005 | 20230928101826.0 | ||
| 007 | ta | ||
| 008 | 230509b bl.||||| |||| 00| 0 por d | ||
| 040 |
_aBR-BrBNA _bpor _cBiblioteca Nacional de Agricultura |
||
| 041 | _a(Por) | ||
| 072 | _aE14; D10 | ||
| 090 | _ E14 BR0501066 | ||
| 110 | 1 |
_aDelegacia Federal de Agricultura no Amazonas, Manaus (Brasil) _93099 |
|
| 245 | 1 | _aRelatório de atividades de gestão | |
| 260 | 3 |
_aManaus, AM (Brasil): _c2003. |
|
| 300 | _avp. | ||
| 650 | _aAGRICULTURA | ||
| 650 | _aADMINISTRAÇÃO PÚBLICA | ||
| 650 | _aPLANEJAMENTO ESTRATÉGICO | ||
| 650 | _aDADOS ESTATÍSTICOS | ||
| 650 | _aAMAZONAS | ||
| 909 |
_a202309 _bLucia _c55 _dLucia Elande |
||
| 942 | _cBK | ||
| 999 |
_c67769 _d67769 |
||